| 000 | 00407nam a2200145 a 4500 | ||
|---|---|---|---|
| 001 | 3854 | ||
| 003 | CDMR | ||
| 005 | 20130220093305.0 | ||
| 008 | 130130s2007||||||||||||||||||||||||||||d | ||
| 040 |
_aCDMR _bcat _cCPC GIRONA |
||
| 110 |
_92848 _aFundació Gala-Dalí |
||
| 245 | 0 | _aAdquisicions de la Fundació Gala-Salvador Dalí de 1991 a 2006 | |
| 260 |
_c2007 _bFundació Gala-Salvador Dalí |
||
| 942 |
_cMON _2ddc |
||
| 999 |
_c3854 _d3854 |
||